Compensation for compulsory acquisition of agricultural land and of rights in and over such land (Record no. 87943)

MARC details
000 -LEADER
fixed length control field 00604cam a2200217 4500
001 - CONTROL NUMBER
control field ##D15224
008 - FIXED-LENGTH DATA ELEMENTS--GENERAL INFORMATION
fixed length control field 090401t1974 xxu||||| |||| 00| 0 eng d
035 ## - SYSTEM CONTROL NUMBER
System control number (Sirsi) u21241
041 0# - LANGUAGE CODE
Language code of text/sound track or separate title eng
050 04 - LIBRARY OF CONGRESS CALL NUMBER
Classification number 711.14
090 ## - LOCALLY ASSIGNED LC-TYPE CALL NUMBER (OCLC); LOCAL CALL NUMBER (RLIN)
Classification number (OCLC) (R) ; Classification number, CALL (RLIN) (NR) RICS 1974/3ABC
110 2# - MAIN ENTRY--CORPORATE NAME
Corporate name or jurisdiction name as entry element Royal Institution of Chartered Surveyors
9 (RLIN) 4900
245 00 - TITLE STATEMENT
Title Compensation for compulsory acquisition of agricultural land and of rights in and over such land
250 ## - EDITION STATEMENT
Edition statement 2nd ed.
260 ## - PUBLICATION, DISTRIBUTION, ETC.
Place of publication, distribution, etc. London
Name of publisher, distributor, etc. RICS
Date of publication, distribution, etc. 1974
300 ## - PHYSICAL DESCRIPTION
Extent iv, 62p.
Dimensions 21cm.
350 ## - PRICE (NR) (BK AM CF MU VM SE) [OBSOLETE]
Price 1
520 ## - SUMMARY, ETC.
Summary, etc. Filed in box 1974/3 ABC
942 ## - ADDED ENTRY ELEMENTS (KOHA)
Suppress in OPAC 0
948 ## - LOCAL PROCESSING INFORMATION (OCLC); SERIES PART DESIGNATOR (RLIN)
c (OCLC) 04/03/1997
Holdings
Withdrawn status Lost status Source of classification or shelving scheme Damaged status Not for loan Home library Current library Shelving location Date acquired Cost, normal purchase price Total Checkouts Full call number Barcode Date last seen Copy number Cost, replacement price Price effective from Koha item type
    Dewey Decimal Classification     London London RICS Boxes 14/09/1999 1.00   RICS 1974/3 30009515 06/08/2019 1 1.00 06/08/2019 Reference material
    Dewey Decimal Classification     London London RICS Boxes 22/08/1991 1.00   RICS 1974/3 30028088 06/08/2019 2 1.00 06/08/2019 Reference material
    Dewey Decimal Classification     London London RICS Boxes 22/03/1993 1.00   RICS 1976/1 30044003 06/08/2019 1 1.00 06/08/2019 Book